Ciempiés : los microrrelatos de Quimera /

Kaydedildi:
Detaylı Bibliyografya
Diğer Yazarlar: Rotger, Neus (Editör), Valls, Fernando (Editör)
Materyal Türü: Elektronik Ekitap
Dil:İspanyolca
Baskı/Yayın Bilgisi: [Mataró (Barcelona)] : Montesinos, [2005]
Konular:
Online Erişim:Digitalia Hispánica
Etiketler: Etiketle
Etiket eklenmemiş, İlk siz ekleyin!

MARC

LEADER 00000nam a2200000Ii 4500
001 DIGMONTE0010
003 NyNyDIG
006 m o d
008 140422s2005 cl o d spa d
007 cr |||||||||||
020 |z 8496356485 
040 |a DGITA  |b eng  |e rda  |e pn  |c DGITA 
090 |a PQ6257 ebook 
245 0 0 |a Ciempiés :  |b los microrrelatos de Quimera /  |c Neus Rotger y Fernando Valls, (eds.). 
264 1 |a [Mataró (Barcelona)] :  |b Montesinos,  |c [2005] 
300 |a 1 online resource (309 pages) 
336 |a text  |b txt  |2 rdacontent 
337 |a computer  |b c  |2 rdamedia 
338 |a online resource  |b cr  |2 rdacarrier 
500 |a Compilation of short stories published on the journal Quimera from february 2003 to november 2005, by Antonio Fernández Molina, David Lagmanovich, Fernando Aínsa, Luisa Valenzuela, Jos Balza, Pablo Urbanyi, José María Merino, Juan Pedro Aparicio, Juan Armando Epple, Noni Benegas, Guillermo Samperio, Raúl Brasca, Ana María Shua, Armando José Sequera, Julia Otxoa, León Febres-Cordero, Harold Kremer, Hipólito G. Navarro, Ángel Olgoso, Juan Sabia, Juan Romagnoli, Carmela Greciet, Diego Golombek, José Alberto García Avilés, David Roas, Fabián Vique, and, Andrés Neuman. 
588 |a Description based on online resource; title from PDF title page (Digitalia, viewed April 22, 2014) 
650 0 |a Short stories, Spanish. 
655 0 |a Electronic books. 
700 1 |a Rotger, Neus,  |e editor. 
700 1 |a Valls, Fernando,  |e editor. 
776 0 8 |i Print version:  |t Ciempiés: los microrrelatos de Quimera.  |d [Mataró (Barcelona)] : Montesinos, [2005]  |z 8496356485  |w (OCoLC)70140915 
791 2 |a Digitalia (Firm),  |e distributor. 
793 0 |g Digitalia eBook Collection:   |a Editorial Montesinos. 
856 4 0 |3 Digitalia Hispánica  |u https://digitalia.unach.elogim.com/a/24421